| 000 | 00701nam a22002057a 4500 | ||
|---|---|---|---|
| 999 |
_c11786 _d11786 |
||
| 003 | AR-CdUCM | ||
| 008 | 190405b ||||| |||| 00| 0 spa d | ||
| 040 |
_aMUNICIPALIDAD PROVINCIAL DEL CUSCO _cBIBLIOTECA MUNICIPAL DEL CUSCO |
||
| 082 |
_a869.26 / _bD68 / 1970 |
||
| 100 |
_aDíaz Usandivaras, Julio Carlos _929331 |
||
| 245 |
_aCancionero de Niebla : _bXilografias de Jose Murcia / |
||
| 260 |
_aBuenos Aires : _bEscuela Nacional de Educación Técnica / _c1970. |
||
| 300 |
_a46 páginas ; _bilustraciones, _c27 cm. |
||
| 505 | _aContenido: Poemas. | ||
| 650 |
_aLiteratura Argentina _984 |
||
| 650 |
_aPoemas _9929 |
||
| 650 |
_aSiglo XX _98 |
||
| 942 |
_2ddc _cLIBROS |
||
| 945 |
_aachl _d2019-04-05 |
||